words start I [250 common english word] - Statistics

General Stats
  • This quiz has been taken 10 times
  • The average score is 4 of 5
Answer Stats
lp Answer % Correct
1 i
100%
2 in
100%
4 it
100%
3 is
89%
5 if
44%
No matching quizzes found
Score Distribution
Percent of People with Each Score
Percentile by Number Answered
Your Score History
You have not taken this quiz